[Event "ICS rated blitz match"]
[Site "204.178.125.65"]
[Date "2000.04.21"]
[Round "?"]
[White "lupica"]
[Black "Hossa"]
[Result "0-1"]
[WhiteElo "2112"]
[BlackElo "2460"]
[PlyCount "60"]
[EventDate "2000.??.??"]

1. e4 e5 2. Nf3 Nc6 3. Bb5 a6 4. Ba4 Nf6 5. O-O Be7 6. Bxc6 dxc6 7. d3 Nd7 8.
Nbd2 O-O 9. Nc4 f6 10. b3 Nb6 11. Ne3 Bd6 12. Bb2 Be6 13. d4 exd4 14. Nxd4 Bd7
15. Ndf5 Be5 16. Bxe5 fxe5 17. Qe2 Qg5 18. Rad1 Bxf5 19. Nxf5 g6 20. Ne3 a5 21.
Nc4 Rf7 22. Nxb6 cxb6 23. Rd3 a4 24. Rfd1 Raf8 25. f3 axb3 26. axb3 b5 27. h3
b4 28. Rd7 Rxf3 29. Rxb7 Rxh3 30. Rxb4 Qg3 {lupica resigns} 0-1

[Event "ICS rated blitz match"]
[Site "204.178.125.65"]
[Date "2000.04.21"]
[Round "?"]
[White "Hossa"]
[Black "lupica"]
[Result "1-0"]
[WhiteElo "2464"]
[BlackElo "2108"]
[PlyCount "61"]
[EventDate "2000.??.??"]

1. e4 c5 2. Nf3 d6 3. d4 cxd4 4. Nxd4 Nf6 5. Nc3 e6 6. Be2 Be7 7. O-O O-O 8. f4
a6 9. Be3 Qc7 10. Qd2 b5 11. e5 Ne8 12. Bf3 Bb7 13. g3 Bxf3 14. Nxf3 Nc6 15.
Qf2 Rb8 16. Ne2 dxe5 17. fxe5 Nb4 18. Ned4 Nd5 19. Rad1 Nxe3 20. Qxe3 Qb7 21.
Nb3 Rd8 22. Rxd8 Bxd8 23. Nbd4 Bb6 24. c3 Nc7 25. Rf2 Nd5 26. Qd3 h6 27. Nd2
Qc7 28. Re2 Rd8 29. N2f3 Nb4 30. cxb4 Qc1+ 31. Kg2 {lupica resigns} 1-0

[Event "ICS rated blitz match"]
[Site "204.178.125.65"]
[Date "2000.04.21"]
[Round "?"]
[White "lupica"]
[Black "Hossa"]
[Result "0-1"]
[WhiteElo "2104"]
[BlackElo "2468"]
[PlyCount "66"]
[EventDate "2000.??.??"]

1. e4 e5 2. Nf3 Nc6 3. Bb5 Bc5 4. O-O d6 5. c3 Bd7 6. d4 Bb6 7. Bg5 f6 8. Be3
Nge7 9. Nbd2 a6 10. Bc4 Bg4 11. h3 Bh5 12. Qc2 d5 13. exd5 Nxd5 14. Bxd5 Qxd5
15. c4 Qd7 16. d5 Nb4 17. Qb3 Bxe3 18. fxe3 a5 19. a3 Na6 20. Qxb7 O-O 21. Qc6
Qxc6 22. dxc6 Rab8 23. b3 Nc5 24. g4 Bg6 25. Nh4 Bd3 26. Rf2 Nxb3 27. Nxb3 Rxb3
28. Nf5 Bxf5 29. Rxf5 Rxe3 30. Kg2 Rc3 31. Rd1 Rxc4 32. Rd7 Rc2+ 33. Kg3 Rxc6 {
lupica resigns} 0-1

[Event "ICS rated blitz match"]
[Site "204.178.125.65"]
[Date "2000.04.21"]
[Round "?"]
[White "Hossa"]
[Black "lupica"]
[Result "1-0"]
[WhiteElo "2472"]
[BlackElo "2100"]
[PlyCount "77"]
[EventDate "2000.??.??"]

1. c4 g6 2. Nc3 Bg7 3. d4 Nf6 4. e4 d6 5. Nf3 O-O 6. Bg5 Na6 7. Be2 c5 8. d5 h6
9. Bf4 Nc7 10. O-O Kh7 11. Qd2 a6 12. e5 Nh5 13. Be3 dxe5 14. Bxc5 Nf4 15. Rfe1
Nxe2+ 16. Qxe2 Bg4 17. Ng5+ hxg5 18. Qxg4 f6 19. b3 Bh6 20. Bb6 Qc8 21. Qe4 Ne8
22. Qd3 Qf5 23. Qe2 g4 24. Ne4 Nd6 25. Nc5 Rh8 26. Ne6 Kg8 27. c5 Nf7 28. h3
gxh3 29. g4 h2+ 30. Kh1 Qxe6 31. dxe6 Ng5 32. Qc4 Kg7 33. Qd5 Nh3 34. Qxb7 Rae8
35. Rf1 Bf4 36. Qxa6 Ng5 37. Qc4 Rh3 38. Qa4 Reh8 39. Qd7 {lupica resigns} 1-0

[Event "ICS rated blitz match"]
[Site "204.178.125.65"]
[Date "2000.04.21"]
[Round "?"]
[White "lupica"]
[Black "Hossa"]
[Result "1-0"]
[WhiteElo "2097"]
[BlackElo "2475"]
[PlyCount "143"]
[EventDate "2000.??.??"]

1. e4 e5 2. Nf3 Nc6 3. Bb5 a6 4. Ba4 Nf6 5. O-O Be7 6. Bxc6 dxc6 7. d3 Nd7 8.
Nbd2 O-O 9. Nc4 f6 10. b3 Nb6 11. Ne3 Bd6 12. Bb2 Be6 13. d4 exd4 14. Nxd4 Bd7
15. Ndf5 Be5 16. Bxe5 fxe5 17. Qe2 Qg5 18. Rad1 Bxf5 19. Nxf5 g6 20. Ne3 a5 21.
a4 Rf4 22. f3 Rff8 23. Nc4 Qe7 24. Nxb6 cxb6 25. Qc4+ Kh8 26. Rd3 Rf7 27. Rfd1
Re8 28. Rd6 Qf8 29. Qd3 Qh6 30. Qd2 Qxd2 31. R1xd2 Kg7 32. Kf2 Kg8 33. Ke3 g5
34. h3 Kg7 35. Rd7 Ref8 36. R2d6 Rxd7 37. Rxd7+ Rf7 38. Rd6 Rf6 39. Rd7+ Rf7
40. Rd8 Kf6 41. Rd6+ Ke7 42. Rh6 Rg7 43. Kd3 Ke8 44. Re6+ Re7 45. Rxe7+ Kxe7
46. g3 b5 47. c4 bxa4 48. bxa4 Kd6 49. Ke3 Kc5 50. f4 gxf4+ 51. gxf4 exf4+ 52.
Kxf4 Kxc4 53. e5 Kd5 54. Kf5 h5 55. e6 Kd6 56. Kf6 Kc5 57. e7 Kb4 58. e8=Q Kxa4
59. Qxh5 b6 60. Qd1+ Kb4 61. h4 c5 62. h5 b5 63. h6 c4 64. h7 c3 65. h8=Q Ka3
66. Qa1+ Kb3 67. Qg8+ Kc2 68. Qg2+ Kb3 69. Qb1+ Kc4 70. Qe2+ Kd4 71. Qbxb5 a4
72. Qed3# {Hossa checkmated} 1-0

[Event "ICS rated blitz match"]
[Site "204.178.125.65"]
[Date "2000.04.21"]
[Round "?"]
[White "Hossa"]
[Black "Tinker"]
[Result "0-1"]
[WhiteElo "2446"]
[BlackElo "2411"]
[PlyCount "160"]
[EventDate "2000.??.??"]

1. e4 e5 2. Nf3 Nc6 3. Nc3 Nf6 4. Nxe5 Nxe5 5. d4 Ng6 6. e5 Ng8 7. Bc4 d6 8.
Qf3 Qd7 9. O-O dxe5 10. dxe5 Nxe5 11. Re1 Bd6 12. Bf4 f6 13. Bb5 c6 14. Rad1
Qe6 15. Qg3 g5 16. Bxe5 Bxe5 17. f4 Qg4 18. fxe5 Qxg3 19. hxg3 cxb5 20. exf6+
Kf7 21. Rd8 Kxf6 22. Nxb5 b6 23. Nc7 Rb8 24. Ne8+ Kg6 25. Nd6 h6 26. Nxc8 Rb7
27. Re6+ Kh7 28. Nd6 Rg7 29. Rf8 Ne7 30. Rxh8+ Kxh8 31. Rxh6+ Kg8 32. g4 Nd5
33. Nf5 Rc7 34. Rg6+ Kf7 35. Rxg5 Rxc2 36. Rg7+ Kf6 37. Rxa7 Rxb2 38. Kh2 Kg5
39. Kg3 Nc3 40. Rg7+ Kf6 41. Rc7 Nxa2 42. Rc6+ Ke5 43. Rc8 Nb4 44. Re8+ Kf6 45.
Rb8 Nc6 46. Rh8 Ne5 47. Rf8+ Kg6 48. Nd4 Nd3 49. Rf5 Nc5 50. Re5 Kf6 51. Nc6
Ne6 52. Rf5+ Kg7 53. Ne5 b5 54. Rf7+ Kg8 55. Rb7 b4 56. Nc6 b3 57. Ne7+ Kf8 58.
Ng6+ Kg8 59. Ne5 Nc5 60. Rb5 Rc2 61. g5 b2 62. Rb8+ Kh7 63. Kf3 Rc3+ 64. Kg4
Rb3 65. Rc8 Na6 66. Rc6 b1=Q 67. Rh6+ Kg7 68. Rg6+ Qxg6 69. Nxg6 Kxg6 70. Kh4
Rb4+ 71. Kg3 Kxg5 72. Kf3 Nc7 73. Kg3 Rb3+ 74. Kf2 Kf4 75. Ke1 Rb2 76. g4 Ke3
77. Kf1 Ne6 78. Kg1 Ng5 79. Kf1 Nf3 80. g5 Rf2# {Hossa checkmated} 0-1

[Event "ICS rated blitz match"]
[Site "204.178.125.65"]
[Date "2000.04.22"]
[Round "?"]
[White "Tinker"]
[Black "Hossa"]
[Result "1-0"]
[WhiteElo "2429"]
[BlackElo "2428"]
[PlyCount "171"]
[EventDate "2000.??.??"]

1. e4 e5 2. Nf3 Nc6 3. Bc4 Bc5 4. Nc3 Nf6 5. Ng5 O-O 6. Na4 Be7 7. Nc3 Bb4 8.
Na4 h6 9. a3 Be7 10. Bxf7+ Kh8 11. Bg6 hxg5 12. d3 g4 13. h3 g3 14. fxg3 d5 15.
Bg5 Be6 16. Bxf6 Rxf6 17. Qh5+ Kg8 18. O-O-O Nd4 19. Qh7+ Kf8 20. Qh8+ Bg8 21.
Bh7 Kf7 22. Bxg8+ Qxg8 23. Qh5+ Ke6 24. exd5+ Kxd5 25. Nc3+ Ke6 26. Rdf1 Rxf1+
27. Rxf1 Rf8 28. Qg4+ Kd6 29. Rh1 c6 30. Re1 Rf5 31. h4 Qf7 32. Kb1 Rf1 33.
Ne4+ Kc7 34. Qd1 Rf5 35. g4 Rf4 36. g3 Rf3 37. c3 Nb3 38. a4 b6 39. h5 Kb8 40.
Qe2 Ka8 41. g5 Qf5 42. g6 Qxh5 43. Qd1 Qf5 44. Qxb3 Rxd3 45. Qc4 Qd7 46. Qg8+
Bd8 47. Qb3 Rd5 48. c4 Rd3 49. Qc2 Be7 50. Rf1 Qd4 51. Re1 Bb4 52. Re2 Qg1+ 53.
Ka2 Rd1 54. Kb3 a5 55. Nc3 Bxc3 56. Qxc3 Rc1 57. Qd2 Qxg3+ 58. Re3 Rd1 59.
Qxa5+ bxa5 60. Rxg3 Rd6 61. Rg5 Re6 62. Rf5 Re7 63. Rf7 Rb7+ 64. Kc2 c5 65. Kd3
Kb8 66. Rxb7+ Kxb7 67. Ke4 Kc7 68. Kxe5 Kd7 69. Kd5 Ke7 70. Kxc5 Kf6 71. Kb6
Kxg6 72. c5 Kf5 73. c6 Ke6 74. c7 Kd7 75. Kb7 Kd6 76. c8=Q Kd5 77. Qc6+ Ke5 78.
b4 axb4 79. a5 Kf4 80. a6 Ke3 81. a7 Kd2 82. a8=Q Ke3 83. Qa2 g5 84. Qb3+ Kf2
85. Qcc2+ Kg1 86. Qbb1# {Hossa checkmated} 1-0

[Event "ICS rated blitz match"]
[Site "204.178.125.65"]
[Date "2000.04.22"]
[Round "?"]
[White "mkarp"]
[Black "Hossa"]
[Result "0-1"]
[WhiteElo "2134"]
[BlackElo "2412"]
[PlyCount "61"]
[EventDate "2000.??.??"]

1. e4 e5 2. Nf3 Nc6 3. Bb5 Bc5 4. O-O d6 5. c3 Bd7 6. d4 Bb6 7. dxe5 Nxe5 8.
Nxe5 dxe5 9. Bxd7+ Qxd7 10. Qxd7+ Kxd7 11. Rd1+ Ke6 12. Kf1 Nf6 13. f3 Rad8 14.
Rxd8 Rxd8 15. Ke2 Bg1 16. h3 Nh5 17. Bd2 Bc5 18. b4 Ng3+ 19. Ke1 Bg1 20. Na3 h6
21. Nc4 b5 22. Be3 Bh2 23. Nb2 Nh5 24. Rd1 Rxd1+ 25. Kxd1 Nf4 26. g4 Nxh3 27.
Bxa7 Bg1 28. Bb8 Kd7 29. c4 Bd4 30. Kc2 bxc4 31. Nxc4 {mkarp resigns} 0-1

[Event "ICS rated blitz match"]
[Site "204.178.125.65"]
[Date "2000.04.22"]
[Round "?"]
[White "Hossa"]
[Black "mkarp"]
[Result "1-0"]
[WhiteElo "2417"]
[BlackElo "2129"]
[PlyCount "93"]
[EventDate "2000.??.??"]

1. Nf3 Nf6 2. g3 g6 3. Bg2 Bg7 4. O-O O-O 5. d4 d6 6. c4 Nbd7 7. Nc3 e5 8. dxe5
dxe5 9. e4 c6 10. Bg5 Re8 11. Qd6 Bf8 12. Qd3 Qc7 13. Rfd1 Nc5 14. Qe2 Nh5 15.
Qd2 a5 16. Bd8 Qb8 17. Bb6 Ng7 18. Bxc5 Bxc5 19. Rab1 Ne6 20. Na4 Be7 21. Nb6
Ra6 22. Nxc8 Rxc8 23. Qc3 Bf6 24. Bh3 Re8 25. Bxe6 Rxe6 26. c5 Ra8 27. Rd7 Re7
28. Rxe7 Bxe7 29. Nxe5 Bf6 30. Nxc6 Bxc3 31. Nxb8 Rxb8 32. bxc3 Rc8 33. Rxb7
Rxc5 34. Ra7 g5 35. a4 g4 36. Ra8+ Kg7 37. Kg2 h5 38. h3 Kf6 39. Ra7 Kg6 40.
Ra6+ f6 41. h4 Re5 42. f3 Rc5 43. f4 Rxc3 44. e5 Kf5 45. exf6 Kg6 46. Rxa5 Kxf6
47. Rxh5 {mkarp resigns} 1-0

[Event "ICS rated blitz match"]
[Site "204.178.125.65"]
[Date "2000.04.22"]
[Round "?"]
[White "postalex"]
[Black "Hossa"]
[Result "1/2-1/2"]
[WhiteElo "2100"]
[BlackElo "2422"]
[PlyCount "152"]
[EventDate "2000.??.??"]

1. e4 e5 2. Nf3 Nc6 3. Bb5 Bc5 4. c3 Nf6 5. O-O Nxe4 6. d4 exd4 7. Re1 d5 8.
Nxd4 O-O 9. Bxc6 bxc6 10. Be3 Re8 11. Nd2 Nxd2 12. Qxd2 Bd7 13. b4 Be7 14. Nb3
Bg4 15. Bd4 Qc8 16. Qf4 Qd7 17. h3 Bf5 18. Re5 Bc2 19. Rae1 Bd6 20. Rxe8+ Rxe8
21. Rxe8+ Qxe8 22. Qd2 Bxb3 23. axb3 Qe4 24. g3 h6 25. Bxa7 Qb1+ 26. Kg2 Qxb3
27. Qe3 Kf8 28. Bd4 Qb1 29. Qd2 Qe4+ 30. Kg1 f6 31. Qe3 Qb1+ 32. Kg2 Kf7 33.
Qf3 Qe1 34. Qh5+ Kf8 35. Qf5 Qe8 36. Qf3 h5 37. Qf5 Kg8 38. h4 Be5 39. Kf3 Bxd4
40. cxd4 Qe1 41. Qc8+ Kh7 42. Qf5+ g6 43. Qd7+ Kh6 44. Kg2 Qe4+ 45. Kg1 Qxd4
46. Qxc6 Qe5 47. Qc1+ Kg7 48. b5 Kh7 49. Qc6 g5 50. hxg5 fxg5 51. Qd7+ Kg6 52.
Qc6+ Kf5 53. Qc2+ Kf6 54. Qc6+ Ke7 55. Qh6 h4 56. gxh4 gxh4 57. Qxh4+ Kd6 58.
Qb4+ Ke6 59. b6 Qg5+ 60. Kf1 Qc1+ 61. Kg2 cxb6 62. Qxb6+ Kf5 63. Qb7 Qd2 64.
Qf7+ Ke4 65. Qg6+ Kd4 66. Qg7+ Kc4 67. Qc7+ Kd3 68. Qh7+ Kc3 69. Qc7+ Kb3 70.
Qb7+ Ka3 71. Qa6+ Kb4 72. Qb6+ Ka4 73. Qa6+ Kb4 74. Qb6+ Ka4 75. Qa6+ Kb4 76.
Qb6+ Ka4 1/2-1/2

[Event "ICS rated standard match"]
[Site "204.178.125.65"]
[Date "2000.04.22"]
[Round "?"]
[White "Evilone"]
[Black "Hossa"]
[Result "0-1"]
[WhiteElo "2092"]
[BlackElo "2327"]
[PlyCount "40"]
[EventDate "2000.??.??"]

1. d4 Nf6 2. e4 Nxe4 3. Nc3 Nxc3 4. bxc3 d5 5. Bd3 c5 6. Bd2 Nc6 7. Nf3 g6 8.
O-O Bg7 9. Qc1 cxd4 10. Bh6 Bxh6 11. Qxh6 dxc3 12. Rfe1 Rf8 13. Ng5 e5 14. Nxh7
Rg8 15. Bb5 f6 16. Rad1 Ke7 17. Qh4 g5 18. Qh6 Qd6 19. Rxd5 Qxd5 20. Bxc6 Qxc6
{Evilone resigns} 0-1

[Event "ICS rated blitz match"]
[Site "204.178.125.65"]
[Date "2000.04.22"]
[Round "?"]
[White "Hossa"]
[Black "occam"]
[Result "1-0"]
[WhiteElo "2410"]
[BlackElo "2365"]
[PlyCount "115"]
[EventDate "2000.??.??"]

1. e4 e5 2. Nf3 Nc6 3. Nc3 Nf6 4. Nxe5 Nxe5 5. d4 Nc6 6. d5 Ne5 7. f4 Ng6 8. e5
Ng8 9. d6 cxd6 10. exd6 Qa5 11. h4 h5 12. Qd3 a6 13. Bd2 Qc5 14. Ne4 Qf5 15.
Qe3 Kd8 16. O-O-O Nxf4 17. Ng3 Qe6 18. Qb6+ Ke8 19. Re1 Qxe1+ 20. Bxe1 Nf6 21.
c4 Ne6 22. Bc3 Ng4 23. Be2 a5 24. Nxh5 Ra6 25. Qg1 Nh6 26. g4 Rxd6 27. Qe3 f6
28. g5 Nf5 29. Qe4 Nfd4 30. gxf6 Nxe2+ 31. Qxe2 Kf7 32. fxg7 Bxg7 33. Qf3+ Ke8
34. Bxg7 Nxg7 35. Nxg7+ Kd8 36. Qc3 Rf8 37. Qxa5+ b6 38. Qg5+ Kc7 39. Qe5 Kc6
40. Ne8 Rxe8 41. Qxe8 Bb7 42. Rd1 Rxd1+ 43. Kxd1 Ba6 44. Qg6+ d6 45. Qe8+ Kc7
46. Qf7+ Kd8 47. Kd2 Kc8 48. h5 Bb7 49. Qe8+ Kc7 50. h6 b5 51. Qe7+ Kc6 52.
cxb5+ Kb6 53. Qxd6+ Kxb5 54. Qd7+ Ka5 55. Qxb7 Ka4 56. Kc3 Ka5 57. b4+ Ka4 58.
Qa6# {occam checkmated} 1-0

[Event "ICS rated blitz match"]
[Site "204.178.125.65"]
[Date "2000.04.22"]
[Round "?"]
[White "prg3"]
[Black "Hossa"]
[Result "1/2-1/2"]
[WhiteElo "2204"]
[BlackElo "2424"]
[PlyCount "82"]
[EventDate "2000.??.??"]

1. d4 d5 2. c4 e6 3. Nc3 Nf6 4. cxd5 exd5 5. Bg5 Be7 6. e3 O-O 7. Bd3 c6 8.
Nge2 Ng4 9. Bxe7 Qxe7 10. h3 Qh4 11. O-O Nf6 12. Qc2 Re8 13. b4 g6 14. a4 Be6
15. b5 Nbd7 16. bxc6 bxc6 17. a5 Rab8 18. Rab1 Rxb1 19. Rxb1 Rb8 20. Rxb8+ Nxb8
21. Na4 Nfd7 22. Nc5 Qd8 23. Nxe6 fxe6 24. Bxg6 hxg6 25. Qxg6+ Kf8 26. Qxe6
Qxa5 27. Qh6+ Ke8 28. Qh8+ Ke7 29. Qh4+ Nf6 30. Nf4 Qe1+ 31. Kh2 Nbd7 32. Ng6+
Ke6 33. Nf4+ Kf7 34. Nh5 Qe2 35. Nxf6 Nxf6 36. Qf4 a6 37. g4 Kg7 38. Qg5+ Kf7
39. Qf4 Kg7 40. Qg5+ Kf7 41. Qf4 Kg7 1/2-1/2

[Event "ICS rated blitz match"]
[Site "204.178.125.65"]
[Date "2000.04.22"]
[Round "?"]
[White "Hossa"]
[Black "vova24"]
[Result "1-0"]
[WhiteElo "2415"]
[BlackElo "2052"]
[PlyCount "37"]
[EventDate "2000.??.??"]

1. e4 c5 2. Nf3 Nc6 3. d4 cxd4 4. Nxd4 Nf6 5. Nc3 e5 6. Ndb5 d6 7. Bg5 a6 8.
Na3 b5 9. Bxf6 gxf6 10. Nd5 f5 11. Bd3 Be6 12. Qh5 Bg7 13. O-O f4 14. Rfe1 Bxd5
15. exd5 Ne7 16. Be4 Ng6 17. c3 O-O 18. Bf5 Qh4 19. Bxg6 {vova24 resigns} 1-0

[Event "ICS rated standard match"]
[Site "204.178.125.65"]
[Date "2000.04.22"]
[Round "?"]
[White "Evilone"]
[Black "Hossa"]
[Result "0-1"]
[WhiteElo "2091"]
[BlackElo "2334"]
[PlyCount "50"]
[EventDate "2000.??.??"]

1. c4 Nf6 2. e3 e5 3. f4 exf4 4. Nf3 fxe3 5. Bd3 exd2+ 6. Bxd2 Be7 7. O-O Nc6
8. Nc3 O-O 9. Nd5 Nxd5 10. cxd5 Nb4 11. Bxb4 Bxb4 12. a3 Bc5+ 13. Kh1 d6 14.
Qc2 g6 15. Qc3 Re8 16. Rae1 Rxe1 17. Rxe1 Bg4 18. Nd2 Qh4 19. Rf1 f5 20. b4 Bb6
21. Nc4 Bf2 22. Bb1 Be2 23. Rc1 Re8 24. h3 Bxc4 25. Qxc4 Re1+ {Evilone resigns}
0-1

[Event "ICS rated blitz match"]
[Site "204.178.125.65"]
[Date "2000.04.22"]
[Round "?"]
[White "Hossa"]
[Black "Casper1"]
[Result "1-0"]
[WhiteElo "2419"]
[BlackElo "2326"]
[PlyCount "49"]
[EventDate "2000.??.??"]

1. e4 e5 2. Nf3 Nc6 3. Nc3 Nf6 4. Nxe5 Nxe5 5. d4 Nc6 6. d5 Ne5 7. f4 Ng6 8. e5
Ng8 9. d6 cxd6 10. exd6 Nf6 11. Nb5 Qa5+ 12. Bd2 Qb6 13. Nc7+ Kd8 14. Nxa8 Qxd6
15. Bd3 Qb8 16. f5 Ne5 17. Bc3 d6 18. Bb5 Qxa8 19. Bxe5 Bd7 20. Bxf6+ gxf6 21.
Qd4 Bxb5 22. a4 Be7 23. axb5 b6 24. Qxb6+ Kd7 25. Rxa7+ {Casper1 resigns} 1-0

[Event "ICS rated blitz match"]
[Site "204.178.125.65"]
[Date "2000.04.22"]
[Round "?"]
[White "MissSilicon"]
[Black "Hossa"]
[Result "1-0"]
[WhiteElo "2539"]
[BlackElo "2431"]
[PlyCount "167"]
[EventDate "2000.??.??"]

1. d4 d5 2. c4 e6 3. Nc3 Nf6 4. Bg5 Be7 5. e3 O-O 6. Nf3 Nbd7 7. Rc1 c6 8. Bd3
dxc4 9. Bxc4 Nd5 10. Bxe7 Qxe7 11. Ne4 N5f6 12. Ng3 e5 13. O-O exd4 14. Nf5 Qd8
15. Qxd4 Nb6 16. Nd6 Ne8 17. Bxf7+ Rxf7 18. Nxf7 Qxd4 19. Nh6+ gxh6 20. Nxd4
Nd5 21. e4 Nb4 22. a3 Nd3 23. Rc2 c5 24. Rd1 Nxf2 25. Rxf2 cxd4 26. Rxd4 Be6
27. e5 Rc8 28. Re2 Rc7 29. Kf2 Rf7+ 30. Ke3 Nc7 31. g3 Nd5+ 32. Ke4 Bg4 33. Re1
Bf3+ 34. Kd3 h5 35. e6 Rf8 36. Re5 Ne7 37. Rg5+ Ng6 38. e7 Re8 39. Rd8 Bc6 40.
b4 a6 41. h4 Kg7 42. Rxe8 Bxe8 43. Ke3 Bc6 44. e8=B Bxe8 45. Rxh5 b6 46. Rd5
Ne7 47. Rd8 Bc6 48. Kf4 Nd5+ 49. Ke5 Ne3 50. Rc8 Bg2 51. Rc3 Ng4+ 52. Kf5 Nf2
53. Rc7+ Kg8 54. Ra7 Bf1 55. Rb7 b5 56. Ra7 Bh3+ 57. Ke5 h5 58. Rxa6 Bd7 59.
Rg6+ Kh7 60. Rb6 Ng4+ 61. Kd6 Be8 62. Rb8 Nf6 63. Ke7 Kg7 64. Rxe8 Nxe8 65.
Kxe8 Kf6 66. Kd7 Kf5 67. Kc6 Ke5 68. Kxb5 Kd6 69. Ka6 Kc7 70. b5 Kb8 71. b6 Kc8
72. Ka7 Kd7 73. b7 Kc6 74. b8=Q Kd5 75. Qb5+ Ke4 76. Qxh5 Kd4 77. Qg4+ Kd5 78.
h5 Ke5 79. h6 Kf6 80. h7 Ke7 81. h8=Q Kd6 82. Qf6+ Kc5 83. Qe5+ Kc6 84. Qge6# {
Hossa checkmated} 1-0

[Event "ICS rated standard match"]
[Site "204.178.125.65"]
[Date "2000.04.22"]
[Round "?"]
[White "Hossa"]
[Black "axn"]
[Result "1-0"]
[WhiteElo "2340"]
[BlackElo "1978"]
[PlyCount "79"]
[EventDate "2000.??.??"]

1. e4 e5 2. Nf3 d6 3. d4 Nf6 4. Nc3 Nbd7 5. Bc4 Be7 6. O-O O-O 7. Qe2 a6 8. Be3
Qe8 9. Rfd1 Bd8 10. Bb3 Ng4 11. Rf1 Nxe3 12. fxe3 Nf6 13. a3 Be6 14. Bxe6 Qxe6
15. Rad1 h6 16. Nd2 b5 17. Qf3 c6 18. Qe2 Bb6 19. Nf3 Rfd8 20. Kh1 c5 21. Nd5
Nxd5 22. exd5 Qe7 23. dxe5 dxe5 24. c4 b4 25. axb4 cxb4 26. b3 Rd6 27. g3 a5
28. Nh4 g6 29. Ra1 Kg7 30. Nf3 f5 31. e4 Rf6 32. exf5 Rxf5 33. g4 Rff8 34.
Qxe5+ Qxe5 35. Nxe5 Bd4 36. Nd7 Bxa1 37. Nxf8 a4 38. Ne6+ Kg8 39. Rxa1 a3 40.
c5 {axn resigns} 1-0

[Event "ICS rated blitz match"]
[Site "204.178.125.65"]
[Date "2000.04.22"]
[Round "?"]
[White "Hossa"]
[Black "prg3"]
[Result "0-1"]
[WhiteElo "2420"]
[BlackElo "2174"]
[PlyCount "124"]
[EventDate "2000.??.??"]

1. e4 e5 2. Nf3 Nc6 3. Nc3 Nf6 4. Nxe5 Nxe5 5. d4 Ng6 6. e5 Ng8 7. Bc4 Bb4 8.
Qf3 Qe7 9. O-O Bxc3 10. bxc3 Nh6 11. Bxh6 gxh6 12. Qe3 b6 13. Qxh6 Bb7 14. Rfe1
O-O-O 15. Kh1 Rdg8 16. Rg1 Nh4 17. Bf1 Rg6 18. Qf4 Rhg8 19. f3 Qg5 20. Qxg5
Rxg5 21. f4 R5g7 22. c4 Nf3 23. g3 Nxg1+ 24. Kxg1 h5 25. Kf2 h4 26. gxh4 Rh8
27. h5 Rxh5 28. h3 Rh4 29. Ke2 Rxf4 30. Rd1 Bf3+ 31. Ke3 Bxd1 32. Kxf4 Bxc2 33.
h4 Kd8 34. Be2 Ke7 35. Bg4 d6 36. Bf5 Bxf5 37. Kxf5 dxe5 38. dxe5 Rg1 39. h5
Kf8 40. Kf6 Kg8 41. e6 fxe6 42. Kxe6 Rh1 43. Kd7 c5 44. Kc6 Rxh5 45. a4 Rh6+
46. Kb5 a5 47. Ka6 Kf7 48. Kb7 Re6 49. Ka6 Kf6 50. Kb7 Ke5 51. Kc7 Kd4 52. Kd7
Rh6 53. Ke7 Kxc4 54. Kf7 Kd5 55. Kg7 Re6 56. Kh7 c4 57. Kg7 c3 58. Kf7 c2 59.
Kg7 c1=Q 60. Kf7 Qc7+ 61. Kf8 Qd7 62. Kg8 Re8# {Hossa checkmated} 0-1

[Event "ICS rated blitz match"]
[Site "204.178.125.65"]
[Date "2000.04.22"]
[Round "?"]
[White "PostModernist"]
[Black "Hossa"]
[Result "1-0"]
[WhiteElo "2626"]
[BlackElo "2394"]
[PlyCount "161"]
[EventDate "2000.??.??"]

1. d4 Nf6 2. c4 d6 3. Nc3 Nbd7 4. Nf3 e5 5. e4 exd4 6. Nxd4 Nc5 7. f3 Be7 8.
Be2 Bd7 9. b4 Ne6 10. Nf5 Ng8 11. O-O Bf6 12. Bb2 a5 13. bxa5 g6 14. Ne3 Ne7
15. Qd2 Nc6 16. Ncd5 Bd4 17. Bd1 O-O 18. Ba4 f6 19. Bxc6 Bxe3+ 20. Nxe3 Bxc6
21. Rab1 Ra6 22. Nd5 Ra8 23. Qc3 Bxd5 24. cxd5 Ng7 25. Qb4 Qc8 26. Bd4 c5 27.
dxc6 bxc6 28. Qxd6 Rxa5 29. Rb6 Qe6 30. Qxc6 Qxc6 31. Rxc6 f5 32. Rc2 Rfa8 33.
Rff2 Ne6 34. Bc3 Rb5 35. e5 Rc8 36. Bb2 Ra8 37. Ba1 Kf8 38. Bc3 Nf4 39. Rb2
Rxb2 40. Rxb2 Ke8 41. Rd2 Ra3 42. Bb4 Rd3 43. Rxd3 Nxd3 44. Bd6 Kd7 45. a4 Kc6
46. a5 Nf4 47. Be7 Kb5 48. Bg5 Ne6 49. Bd2 Ka6 50. Kf2 Kb5 51. f4 Nd4 52. Ke3
Nc6 53. h3 Ka4 54. g4 Kb5 55. Kd3 h6 56. gxf5 gxf5 57. Bc3 Nd8 58. Kd4 Ne6+ 59.
Ke3 Nd8 60. Bd2 Ne6 61. h4 h5 62. Bc3 Nf8 63. Kd4 Kc6 64. e6 Nxe6+ 65. Ke5 Nc5
66. Kxf5 Kd5 67. Kg6 Kc4 68. f5 Kd5 69. f6 Ne6 70. f7 Kc4 71. a6 Kxc3 72. a7
Nf4+ 73. Kf5 Ne2 74. a8=Q Ng3+ 75. Ke5 Nf1 76. Qf3+ Kc2 77. f8=Q Nd2 78. Qc5+
Nc4+ 79. Qxc4+ Kb1 80. Qb7+ Ka1 81. Qca6# {Hossa checkmated} 1-0

[Event "ICS rated standard match"]
[Site "204.178.125.65"]
[Date "2000.04.22"]
[Round "?"]
[White "leoville"]
[Black "Hossa"]
[Result "0-1"]
[WhiteElo "2200"]
[BlackElo "2344"]
[PlyCount "22"]
[EventDate "2000.??.??"]

1. e4 e5 2. Nf3 Nc6 3. Bb5 a6 4. Bxc6 dxc6 5. O-O Qd6 6. d3 f6 7. Ne1 Be6 8. f4
O-O-O 9. fxe5 fxe5 10. Nd2 Be7 11. b3 Qd4+ {leoville resigns} 0-1

[Event "ICS rated standard match"]
[Site "204.178.125.65"]
[Date "2000.04.22"]
[Round "?"]
[White "Hossa"]
[Black "stvngrnrt"]
[Result "1-0"]
[WhiteElo "2344"]
[BlackElo "2185"]
[PlyCount "21"]
[EventDate "2000.??.??"]

1. e4 e5 2. Nf3 Nc6 3. Nc3 Nf6 4. Nxe5 Nxe5 5. d4 Nc6 6. d5 Nb8 7. e5 Qe7 8.
Qe2 Ng8 9. d6 Qd8 10. Nd5 Na6 11. Nf6+ {stvngrnrt resigns} 1-0

[Event "ICS rated standard match"]
[Site "204.178.125.65"]
[Date "2000.04.22"]
[Round "?"]
[White "stvngrnrt"]
[Black "Hossa"]
[Result "0-1"]
[WhiteElo "2175"]
[BlackElo "2351"]
[PlyCount "28"]
[EventDate "2000.??.??"]

1. e4 e5 2. Nf3 Nc6 3. Bc4 Nf6 4. Nc3 Nxe4 5. Nxe4 d5 6. Bd3 dxe4 7. Bxe4 Ne7
8. Bd3 Nc6 9. Bb5 Bd6 10. d4 e4 11. Bxc6+ bxc6 12. Nd2 Qg5 13. Nxe4 Qxg2 14.
Nxd6+ cxd6 {stvngrnrt resigns} 0-1

[Event "ICS rated blitz match"]
[Site "204.178.125.65"]
[Date "2000.04.22"]
[Round "?"]
[White "Hossa"]
[Black "lupica"]
[Result "1/2-1/2"]
[WhiteElo "2387"]
[BlackElo "2120"]
[PlyCount "170"]
[EventDate "2000.??.??"]

1. e4 c5 2. Nf3 d6 3. d4 cxd4 4. Nxd4 Nf6 5. Nc3 e6 6. Be2 Be7 7. O-O O-O 8. f4
a6 9. Be3 Qc7 10. Qd2 b5 11. e5 Ne8 12. Bf3 Bb7 13. g3 Bxf3 14. Nxf3 Nc6 15.
Qf2 Rc8 16. Bb6 Qb8 17. Qe3 dxe5 18. fxe5 Nb4 19. Rf2 Nc7 20. Ba7 Qb7 21. Bd4
Ncd5 22. Nxd5 Nxd5 23. Qd2 Bc5 24. Bxc5 Rxc5 25. Raf1 Rc7 26. Ng5 Qc6 27. Qd3
g6 28. Ne4 Qc4 29. Qxc4 Rxc4 30. Nd6 Rc7 31. c3 Nb6 32. b3 Nc8 33. Ne4 Kg7 34.
Rf3 h6 35. Rd1 Ne7 36. Nf6 Nc6 37. Re1 Ne7 38. a4 bxa4 39. bxa4 Nd5 40. Nxd5
exd5 41. Rd1 Rfc8 42. Rf6 Rxc3 43. Rxd5 R3c6 44. Ra5 Rxf6 45. exf6+ Kxf6 46.
Rxa6+ Kg5 47. h3 h5 48. Rd6 Rc1+ 49. Kf2 Ra1 50. Rd4 Ra3 51. Rf4 f5 52. Rc4 Kf6
53. h4 Kf7 54. Rb4 Ke6 55. Rb6+ Ke5 56. Rxg6 Rxa4 57. Rg5 Ra2+ 58. Kf3 Ra3+ 59.
Kg2 Ke4 60. Rg7 Ra2+ 61. Kh3 Ra3 62. Re7+ Kf3 63. Re5 f4 64. Rf5 Ra4 65. gxf4
Rxf4 66. Re5 Kf2 67. Rg5 Rf3+ 68. Kh2 Ke3 69. Ra5 Kf4 70. Rxh5 Kg4 71. Rh6 Ra3
72. Kg2 Ra2+ 73. Kh1 Ra1+ 74. Kh2 Ra2+ 75. Kg1 Ra1+ 76. Kf2 Ra2+ 77. Ke3 Ra3+
78. Kf2 Ra2+ 79. Ke3 Ra3+ 80. Kf2 Ra2+ 81. Ke3 Ra3+ 82. Kf2 Rh3 83. Rg6+ Kxh4
84. Rh6+ Kg4 85. Rxh3 Kxh3 1/2-1/2